000 002940000a22001090004500
100 1 _aViana, Carlos H.
245 1 0 _aLa vida en los tiempos bíblicos
300 _aVol.48, núm.209 (1993), p. 18-19
650 1 4 _aHÍSTORIA-TIEMPOS BÍBLICOS
773 0 _tLa Biblia en las Américas
942 _cANA
999 _c62899
_d62899